| 000 | 00796cam a22002651 4500 | ||
|---|---|---|---|
| 001 | 9362642 | ||
| 003 | OSt | ||
| 005 | 20211124085447.0 | ||
| 008 | 751104s1960 nyua 000 1 eng | ||
| 010 | _a 60012950 | ||
| 035 | _a(OCoLC)1806122 | ||
| 040 |
_aDLC _chu _dDLC |
||
| 042 | _apremarc | ||
| 050 | 0 | 0 |
_aPE1128 _b.T33 |
| 082 | _a428.64 | ||
| 100 | 1 |
_aTaylor, Grant, _d1923- _920256 |
|
| 245 | 1 | 0 |
_aAmerican English reader; _bstories for reading and vocabulary development. |
| 260 |
_aNew York, _bSaxon Press _c[1960] |
||
| 300 |
_a235 p. _billus. _c22 cm. |
||
| 490 | 0 | _aEnglish as a second language series | |
| 650 | 0 |
_aEnglish language _xTextbooks for foreign speakers. |
|
| 650 | 0 |
_aReaders. _919176 |
|
| 906 |
_a7 _bcbc _coclcrpl _du _encip _f19 _gy-gencatlg |
||
| 942 |
_2ddc _cBOOKS _n0 |
||
| 999 |
_c19875 _d19875 |
||